LEADER 01032nam0-2200301---450- 001 990009507290403321 005 20120213163219.0 035 $a000950729 035 $aFED01000950729 035 $a(Aleph)000950729FED01 035 $a000950729 100 $a20120109d1966----km-y0itay50------ba 101 0 $aita 102 $aIT 105 $ay---ag--001yy 200 1 $aAnnuario bibliografico di storia dell'arte$eopere e periodici entrati in Biblioteca con la data di pubblicazione del 1959-1960$eanni 8-9$fa cura di Maria Luisa Garroni 210 $aModena$cS.T.E.M di C. Mucchi$d1966 215 $a2 v. (1270 p. compless.)$d25 cm 225 1 $aPubblicazioni della Biblioteca dell'Istituto nazionale d'archeologia e storia dell'arte 702 1$aGarroni,$bMaria Luisa 801 0$aIT$bUNINA$gRICA$2UNIMARC 901 $aBK 912 $a990009507290403321 952 $a14.311$b2341$fDARST 952 $a14.312$b2342$fDARST 959 $aDARST 996 $aAnnuario bibliografico di storia dell'arte$9731560 997 $aUNINA LEADER 00925nam0-22003011i-450- 001 990000112110403321 035 $a000011211 035 $aFED01000011211 035 $a(Aleph)000011211FED01 035 $a000011211 100 $a20011111d--------km-y0itay50------ba 101 0 $aita 105 $ay-------001yy 200 1 $a<>costruzioni dell'Esposizione nazionale di Milano nel 1881$fnote di Giulio Vigoni. 210 $aMilano$cTipo-litografia degli ingegneri$d1882 215 $a63 p., 20 tav.$cill.$d31 cm 610 0 $aFiere$aMilano$a1881$aEdifici 610 0 $aEdifici di esposizione 676 $a725.91 700 1$aVigoni,$bGiulio$0333229 801 0$aIT$bUNINA$gRICA$2UNIMARC 901 $aBK 912 $a990000112110403321 952 $a13 AR 18 E 29$b4231$fFINBC 959 $aFINBC 996 $aCostruzioni dell'Esposizione nazionale di Milano nel 1881$9115016 997 $aUNINA DB $aING01 LEADER 00956nam0 2200313 i 450 001 996272346003316 005 20181029154925.0 010 $a978-88-04-67973-8 020 $aIT$b2017-8743 100 $a20171013d2017----||||0itac50 ba 101 $aita 102 $aIT 200 1 $a1493$epomodori, tabacco e batteri$ecome Colombo ha creato il mondo in cui viviamo$fCharles C. Mann$gtraduzione di Carla Lazzari 210 $aMilano$cMondadori$d2017 215 $a676 p.$cill.$d23 cm 225 $aOscar storia$v82 410 0$12001$aOscar storia$v82 532 0 $aMillequattrocentonovantatré 606 0 $aAmerica$xScoperta$xEffetti economici$2BNCF 676 $a970.01 700 1$aMANN,$bCharles C.$0716382 702 1$aLAZZARI,$bCarla$f<1947- > 801 0$aIT$bsalbc$gISBD 912 $a996272346003316 951 $aX.2.B. 2657$b267200 L.M.$cX.2.B.$d440287 959 $aBK 969 $aUMA 996 $a1493$91388080 997 $aUNISA LEADER 00970nam0-22003251i-450 001 990005515600203316 005 20200401163933.0 010 $a0471499226 035 $a000551560 035 $aUSA01000551560 035 $a(ALEPH)000551560USA01 100 $a20040618d2001----km y1itay5003----ba 101 0 $aeng 102 $aGB 200 1 $aAdvanced modelling in finance using Exel and VBA$fMary Jackson, Mike Staunton 210 $aChichester [etc.]$cJohn Wiley & Sons$d2001 215 $aX, 263 p.$cgraf.$d25 cm$e1 Cd Rom 225 2 $aWiley finance 410 1$12001$aWiley finance 606 0 $aProgrammi per elaboratori$2BNCF 676 $a005.360 700 1$aJACKSON,$bMary$0148908 701 1$aSTAUNTON,$bMike$0148909 801 0$aIT$bSOL$c20120104 912 $a990005515600203316 951 $a000 005.36 JAC$b11822 DISES 959 $aBK 969 $aDISES 996 $aAdvanced modelling in finance using Exel and VBA$91129906 997 $aUNISA